Εισαγωγή στη Φιλοσοφία της Επιστήμης / Δεύτερη Έκδοση (Record no. 4025)
[ view plain ]
| 000 -LEADER | |
|---|---|
| fixed length control field | 01874cam a22003134a 4500 |
| 005 - ΗΜΕΡΟΜΗΝΙΑ ΚΑΙ ΩΡΑ ΤΕΛΕΥΤΑΙΑΣ ΕΝΗΜΕΡΩΣΗΣ | |
| Πεδίο ελέγχου | 20250605164134.0 |
| 008 - FIXED-LENGTH DATA ELEMENTS--GENERAL INFORMATION | |
| Πεδίο ελέγχου σταθερού μήκους | 250528s ||||||||||||||||||||||||d |
| 035 ## - SYSTEM CONTROL NUMBER | |
| System control number | 18698 |
| 020 ## - ISBN | |
| ISBN | 9605240521 |
| 040 ## - ΠΗΓΗ ΚΑΤΑΛΟΓΟΓΡΑΦΗΣΗΣ | |
| Φορέας πρωτότυπης καταλογογράφησης | MC Athens Campus Library |
| Γλώσσα καταλογογράφησης | Ελληνικά, Μοντέρνα (1453-) |
| Modifying agency | MC Athens Campus Library |
| Κανόνες περιγραφικής καταλογογράφησης | AACR2 |
| 245 1# - ΤΙΤΛΟΣ ΚΑΙ ΔΗΛΩΣΗ ΥΠΕΥΘΥΝΟΤΗΤΑΣ | |
| Τίτλος | Εισαγωγή στη Φιλοσοφία της Επιστήμης / Δεύτερη Έκδοση |
| 250 ## - EDITION STATEMENT | |
| Edition statement | 2η |
| 260 ## - PUBLICATION, DISTRIBUTION, ETC. | |
| Name of publisher, distributor, etc. | Πανεπιστημιακές Εκδόσεις Κρήτης, |
| Date of publication, distribution, etc. | 1999 |
| 300 ## - PHYSICAL DESCRIPTION | |
| Extent | 644 |
| 520 ## - SUMMARY, ETC. | |
| Summary, etc. | Το έργο συνιστά ένα πλήρες διδακτικό εγχειρίδιο μεταπτυχιακού επιπέδου, ενώ κάθε κεφάλαιο αποβλέπει στην κατά το δυνατόν πλήρη κριτική παρουσίαση του τρέχοντος προβληματισμού στην αντίστοιχη περιοχή, όπως και τη συναφή αποτίμηση. Πρόλογος, Εισαγωγή, Θέματα Γενικού Ενδιαφέροντος στη Φιλοσοφία της Επιστήμης, Η Φιλοσοφία των Φυσικών Επιστημών, Η Φιλοσοφία της Βιολογίας και της Ιατρικής, Φιλοσοφία των Επιστημών της Συμπεριφοράς και των Κοινωνικών Επιστημών, Βιβλιογραφία, Ευρετήριο Ονομάτων και Εννοιών. |
| 700 1# - ΠΡΟΣΘΕΤΗ ΑΝΑΓΡΑΦΗ--ΦΥΣΙΚΟ ΠΡΟΣΩΠΟ | |
| Personal name | Earman John |
| 9 (RLIN) | 4949 |
| 700 1# - ΠΡΟΣΘΕΤΗ ΑΝΑΓΡΑΦΗ--ΦΥΣΙΚΟ ΠΡΟΣΩΠΟ | |
| Personal name | Glymour Clark |
| 9 (RLIN) | 4950 |
| 700 1# - ΠΡΟΣΘΕΤΗ ΑΝΑΓΡΑΦΗ--ΦΥΣΙΚΟ ΠΡΟΣΩΠΟ | |
| Personal name | Lennox James G |
| 9 (RLIN) | 4951 |
| 700 1# - ΠΡΟΣΘΕΤΗ ΑΝΑΓΡΑΦΗ--ΦΥΣΙΚΟ ΠΡΟΣΩΠΟ | |
| Personal name | Machamer Peter |
| 9 (RLIN) | 4952 |
| 700 1# - ΠΡΟΣΘΕΤΗ ΑΝΑΓΡΑΦΗ--ΦΥΣΙΚΟ ΠΡΟΣΩΠΟ | |
| Personal name | Mcguire J. E |
| 9 (RLIN) | 4953 |
| 700 1# - ΠΡΟΣΘΕΤΗ ΑΝΑΓΡΑΦΗ--ΦΥΣΙΚΟ ΠΡΟΣΩΠΟ | |
| Personal name | Norton John D |
| 9 (RLIN) | 4954 |
| 700 1# - ΠΡΟΣΘΕΤΗ ΑΝΑΓΡΑΦΗ--ΦΥΣΙΚΟ ΠΡΟΣΩΠΟ | |
| Personal name | Salmon Merrilee H |
| 9 (RLIN) | 4955 |
| 700 1# - ΠΡΟΣΘΕΤΗ ΑΝΑΓΡΑΦΗ--ΦΥΣΙΚΟ ΠΡΟΣΩΠΟ | |
| Personal name | Salmon Wesley C |
| 9 (RLIN) | 4956 |
| 700 1# - ΠΡΟΣΘΕΤΗ ΑΝΑΓΡΑΦΗ--ΦΥΣΙΚΟ ΠΡΟΣΩΠΟ | |
| Personal name | Schaffner Kenneth F |
| 9 (RLIN) | 4957 |
| 700 1# - ΠΡΟΣΘΕΤΗ ΑΝΑΓΡΑΦΗ--ΦΥΣΙΚΟ ΠΡΟΣΩΠΟ | |
| Personal name | Μπαλτάς Αριστείδης |
| 9 (RLIN) | 4958 |
| 942 ## - ADDED ENTRY ELEMENTS (KOHA) | |
| Koha item type | Books |
| Τύπος τεκμηρίου | Βιβλιοθήκη | Τρέχουσα τοποθεσία | Barcode | Αριθμός εισαγωγής | Ημερομηνία απόκτησης | Ταξιθετικό σύμβολο | Αριθμός αντιτύπου | Κατάσταση απόσυρσης | Κατάσταση χαμένου | Κατάσταση κατεστραμμένου | Μη δανεισμός | Σύνολο δανεισμών | Ημερομηνία τελευταίας εμφάνισης | Η τιμή ισχύει από |
|---|---|---|---|---|---|---|---|---|---|---|---|---|---|---|
| Books | MC Athens Campus Library | MC Athens Campus Library | 9780000040244 | 3606 | 05/06/2025 | 194 SAL | 1 | 05/06/2025 | 05/06/2025 |